WHO IS ALLAH IN ISLAM ? (Record no. 2775)
[ view plain ]
| 000 -LEADER | |
|---|---|
| fixed length control field | 00400nam a2200169Ia 4500 |
| 003 - CONTROL NUMBER IDENTIFIER | |
| control field | GBCCL |
| 005 - DATE AND TIME OF LATEST TRANSACTION | |
| control field | 20241126110439.0 |
| 008 - FIXED-LENGTH DATA ELEMENTS--GENERAL INFORMATION | |
| fixed length control field | 170919b xxu||||| |||| 00| 0 eng d |
| 040 ## - CATALOGING SOURCE | |
| Transcribing agency | gbc |
| 082 ## - DEWEY DECIMAL CLASSIFICATION NUMBER | |
| Classification number | 297.211 |
| Item number | ALM |
| 100 ## - MAIN ENTRY--PERSONAL NAME | |
| Personal name | Al-Masih, Abd |
| 9 (RLIN) | 5870 |
| 245 ## - TITLE STATEMENT | |
| Title | WHO IS ALLAH IN ISLAM ? |
| 260 ## - PUBLICATION, DISTRIBUTION, ETC. | |
| Name of publisher, distributor, etc. | Light of life |
| Place of publication, distribution, etc. | Austria; |
| Date of publication, distribution, etc. | nd |
| 300 ## - PHYSICAL DESCRIPTION | |
| Extent | 108p. |
| 650 ## - SUBJECT ADDED ENTRY--TOPICAL TERM | |
| Topical term or geographic name entry element | Islam |
| 9 (RLIN) | 1511 |
| 942 ## - ADDED ENTRY ELEMENTS (KOHA) | |
| Source of classification or shelving scheme | Dewey Decimal Classification |
| Koha item type | Books |
| Koha issues (borrowed), all copies | 10 |
| Withdrawn status | Lost status | Source of classification or shelving scheme | Damaged status | Not for loan | Home library | Current Library | Shelving location | Date acquired | Total checkouts | Full call number | Barcode | Date last seen | Date last checked out | Copy number | Price effective from | Koha item type |
|---|---|---|---|---|---|---|---|---|---|---|---|---|---|---|---|---|
| Dewey Decimal Classification | GRACE BIBLE COLLEGE | GRACE BIBLE COLLEGE | Philosophy and Religion | 2017-09-19 | 6 | 297.211 ALM | 004086 | 2025-09-17 | 2024-09-18 | c.2 | 2017-09-19 | Books | ||||
| Dewey Decimal Classification | GRACE BIBLE COLLEGE | GRACE BIBLE COLLEGE | Philosophy and Religion | 2017-09-20 | 5 | 297.211 ALM | 004085 | 2025-09-18 | 2025-09-15 | c.1 | 2017-09-20 | Books |